LEADER 01370cam--2200397---450 001 990000659400203316 005 20200220124342.0 012 $a7-no a.di 3.a. (2tu (3) 1830 (A)$2fei$5SA0186 035 $a0065940 035 $aUSA010065940 035 $a(ALEPH)000065940USA01 035 $a0065940 100 $a20011001d1830----km-y0itay50------ba 101 0 $aita 102 $aIT 140 $ay|||y|||#ga------|-y||1000-- 200 1 $aMemorie storiche del comune di Afragola raccolte da Giuseppe Castaldi 210 $aIn Napoli$cdalla tipografia Sangiacomo$d1830 215 $a153, [3] p.$d8º 307 $aSegnatura: [1](8) 2-7(8) 8-11(4) 12(6) 307 $aLa pubblicazione presenta 6 pagine numerate I-VI e le rimanenti numerate 7-153 620 $aItalia$bNapoli 700 1$aCASTALDI,$bGiuseppe$036233 712 02$a Sangiacomo, Domenico$c[editore] 801 0$aIT$bsalbc$gISBD 912 $a990000659400203316 951 $aFA.V.B. 463(C 9 1 73)$b6861 CSSM$cFA.V. 959 $aA 969 $aANT 979 $aPATTY$b90$c20011001$lUSA01$h1603 979 $c20020403$lUSA01$h1715 979 $aPATRY$b90$c20040406$lUSA01$h1645 979 $aPATRY$b90$c20151023$lUSA01$h1251 979 $aANNAMARIA$b90$c20170110$lUSA01$h1408 996 $aMemorie storiche del comune di Afragola raccolte da Giuseppe Castaldi$91394438 997 $aUNISA